Dogs a to z / b (Record no. 6765)
[ view plain ]
| 000 -LEADER | |
|---|---|
| fixed length control field | 01164nam a22002777a 4500 |
| 001 - CONTROL NUMBER | |
| control field | 6765 |
| 003 - CONTROL NUMBER IDENTIFIER | |
| control field | FISKH |
| 005 - DATE AND TIME OF LATEST TRANSACTION | |
| control field | 20250527081753.0 |
| 008 - FIXED-LENGTH DATA ELEMENTS--GENERAL INFORMATION | |
| fixed length control field | 250527b cb ||||| |||| 00| 0 eng d |
| 020 ## - INTERNATIONAL STANDARD BOOK NUMBER | |
| International Standard Book Number | 9781607271987 |
| 040 ## - CATALOGING SOURCE | |
| Original cataloging agency | FISKH |
| Language of cataloging | eng |
| Transcribing agency | FISKH |
| Modifying agency | FISKH |
| 050 ## - LIBRARY OF CONGRESS CALL NUMBER | |
| Classification number | SF433 .D634 |
| 082 ## - DEWEY DECIMAL CLASSIFICATION NUMBER | |
| Classification number | 636.7 |
| 100 ## - MAIN ENTRY--PERSONAL NAME | |
| Personal name | Heit, Barbie |
| 245 ## - TITLE STATEMENT | |
| Title | Dogs a to z / b |
| Statement of responsibility, etc. | y Barbie Heit ; illustrated by Wendy Edelson |
| 260 ## - PUBLICATION, DISTRIBUTION, ETC. | |
| Place of publication, distribution, etc. | Washington : |
| Name of publisher, distributor, etc. | Soundprints, |
| Date of publication, distribution, etc. | 2012. |
| 300 ## - PHYSICAL DESCRIPTION | |
| Extent | 36 unnumbered pages : |
| Other physical details | color illustrations ; |
| Dimensions | 26 cm |
| 505 ## - FORMATTED CONTENTS NOTE | |
| Formatted contents note | G<br/> |
| 520 ## - SUMMARY, ETC. | |
| Summary, etc. | With wit, wisdom, and compassion, Dr. Dodman gets us inside the minds of our pets to learn what makes them do the crazy things they do. From aggression to zoonosis and just about everything in between, he tackles such common problems as nipping, tail chasing, excessive barking, and garbage scavenging, as well as more difficult conditions that often defy explanation--not to mention treatment. |
| 521 8# - TARGET AUDIENCE NOTE | |
| Target audience note | 300<br/> |
| Source | Lexile estimate <br/> |
| 521 8# - TARGET AUDIENCE NOTE | |
| Target audience note | G<br/> |
| Source | Raz-Plus<br/> |
| 650 ## - SUBJECT ADDED ENTRY--TOPICAL TERM | |
| Topical term or geographic name entry element | Animal Behavior |
| Form subdivision | Pets |
| 700 ## - ADDED ENTRY--PERSONAL NAME | |
| Personal name | Edelson, Wendy |
| Relator term | illustrated |
| 942 ## - ADDED ENTRY ELEMENTS (KOHA) | |
| Source of classification or shelving scheme | Dewey Decimal Classification |
| Koha item type | Books |
| Suppress in OPAC | No |
| Withdrawn status | Lost status | Source of classification or shelving scheme | Damaged status | Not for loan | Collection | Home library | Current library | Shelving location | Date acquired | Total Checkouts | Full call number | Barcode | Date last seen | Copy number | Price effective from | Koha item type |
|---|---|---|---|---|---|---|---|---|---|---|---|---|---|---|---|---|
| Dewey Decimal Classification | Non-Fiction | Footprints International School Library Network Toul Kork Campus | Footprints International School Library Network Toul Kork Campus | TK Primary Library Room(4th Floor), Bookcase 7, Shelves 57-60, Dark Green Books | 05/27/2025 | HEI 636.7 SF433 .D634 | FISTK00839 | 05/27/2025 | 1 | 05/27/2025 | Books |
